| 000 | 00511nam a22001937a 4500 | ||
|---|---|---|---|
| 005 | 20251119125232.0 | ||
| 008 | 251119b |||||||| |||| 00| 0 eng d | ||
| 020 | _a978-1-260-08427-6 | ||
| 050 |
_aQL 47.A55 2018 _bC.1 |
||
| 100 | _aHICKMAN CLEVELAND | ||
| 245 | _aANIMAL DIVERSITY | ||
| 250 | _aEIGHTH EDITION | ||
| 260 |
_aNEWYORK _bMcGraw Hill, _c2018 |
||
| 300 | _a111-495P. | ||
| 500 | _aIT HAS BIBLIOGRAPHIC DATA | ||
| 650 | _a Animal diversity | ||
| 700 | _aHICKMAN CLEVELAND | ||
| 942 |
_2lcc _cBK |
||
| 999 |
_c216214 _d216214 |
||